Statistiques concernant Villes les plus peuplées de Normandie

Cliquez ici pour prendre le quiz!

Statistiques générales

  • Ce quiz a été pris 356 fois
  • Le résultat moyen est 9 sur 20

Statistiques - réponses

HintRéponse% Correct
111 000Rouen
99%
107 000Caen
98%
172 000Le Havre
97%
50 000Evreux
73%
30 000Dieppe
68%
26 000Alençon
66%
19 000Saint-Lô
65%
21 000Lisieux
57%
81 000Cherbourg-en-Cotentin
41%
19 000Fécamp
40%
24 000Vernon
32%
29 000Saint-Etienne-du-Rouvray
30%
29 000Sotteville-lès-Rouen
29%
17 000Elbeuf
27%
25 000Le-Grand-Quevilly
26%
19 000Mont-Saint-Aignan
26%
23 000Le-Petit-Quevilly
25%
21 000Hérouville-Saint-Clair
23%
18 000Louviers
19%
18 000Vire-Normandie
4%

Distribution des résultats

Percentile par nombre de réponses

% des personnes avec chaque résultat

Votre développement - résultats

Vous n’avez pas pris ce quiz